000 00491nam a2200181Ia 4500
999 _c29262
_d29262
003 OSt
005 20201117122517.0
008 190216s9999||||xx |||||||||||||| ||und||
020 _a9788126414604
040 _coclc
082 _a894.8123
_bMAN/A
100 _aManuel, Jose K
_96669
245 0 _aAbhiloshika /
_c Jose K Manuel
260 _bDc Books,
_aKottayam:
_c2007.
300 _a138p
650 _aNovel
942 _cBK
_2ddc
_h894.8123
_iMAN/A
_k894.8123
_mMAN/A